| 000 | 01245nam a2200337 c 4500 | ||
|---|---|---|---|
| 003 | BLK | ||
| 005 | 20250509113529.0 | ||
| 008 | 180408b bul|||||r ||||||| ||bul|| | ||
| 010 | _aKNG00061306000 | ||
| 040 | _aBLK | ||
| 041 |
_aBUL _cBUL |
||
| 080 |
_aНародни приказки _b398.21 _x(497.2) _z398.21(497.2) |
||
| 100 | 1 |
_aПарпулова, Любомира _eпърви автор _9287526 |
|
| 700 | 1 |
_aДинеков, Петър _eотг. ред. _9368889 |
|
| 139 |
_aПарпулова, Любомира _bП 22 |
||
| 245 | 1 | 0 |
_aБългарските вълшебни приказки _bВъведение в поетиката : Моногр. _cЛюбомира Парпулова; отг. ред. Петър Динеков. |
| 257 | _aBGR | ||
| 260 |
_аСофия _bБАН _c1978 |
||
| 300 |
_a234 с. _c21 см |
||
| 380 | _a3 | ||
| 650 | 4 |
_aНародни приказки - теория _9261715 |
|
| 653 | _aнародни приказки | ||
| 653 | _aвълшебни приказки | ||
| 653 | _aпоетика | ||
| 852 | _aЦб 94523 | ||
| 856 | 4 |
_qpdf _u |
|
| 856 | 4 |
_qpdf _u |
|
| 942 |
_cKNG _n0 _07 |
||
| 944 |
_aCR _c13.06.2004 _k30576 _lЦветомила Тодорова |
||
| 944 |
_aED _c03.09.2015 _k |
||
| 999 |
_c57311 _d57311 |
||